[Event "1. OEsterreichische Internet Schach Meisterschaft - Vorrunde 1"]
[Site "Online - Playchess.com"]
[Date ""]
[Round "9"]
[Board "59"]
[White "Doskocil, Klaus"]
[Black "Wiedermann, Daniel"]
[Result "1-0"]
[WhiteElo "2157"]
[BlackElo "2048"]
[PlyCount "55"]
[EventDate "2020.04.11"]
[EventRounds "9"]
[EventCountry "AUT"]

1. e4 c6 2. d4 d5 3. e5 c5 4. c3 Nc6 5. Be3 cxd4 6. cxd4 Bf5 7. Nc3 e6 8. a3
Rc8 9. Nf3 Qb6 10. Qd2 Nge7 11. Bb5 a6 12. Ba4 Bg4 13. O-O Bxf3 14. gxf3 Nf5
15. Rac1 Be7 16. Kh1 O-O 17. Bxc6 Rxc6 18. Rg1 Rfc8 19. Rg4 Rc4 20. Rcg1 g6 21.
Rf4 Qc6 22. Rxf5 exf5 23. Bg5 Bxg5 24. Qxg5 Rxd4 25. Qxf5 Qe6 26. Qg5 Kg7 27.
Ne2 Rcc4 28. Ng3 {Zeit}  1-0

[Event "1. OEsterreichische Internet Schach Meisterschaft - Vorrunde 1"]
[Site "Online - Playchess.com"]
[Date ""]
[Round "9"]
[Board "60"]
[White "Balint, Peter"]
[Black "Klinglmair, Guenter"]
[Result "1-0"]
[WhiteElo "2105"]
[BlackElo "1483"]
[PlyCount "73"]
[EventDate "2020.04.11"]
[EventRounds "9"]
[EventCountry "AUT"]

1. e4 c6 2. d4 d5 3. Nc3 dxe4 4. Nxe4 Bf5 5. Ng3 Bg6 6. h4 h6 7. Nf3 e6 8. Be3
Bb4+ 9. c3 Ba5 10. Bd3 Bxd3 11. Qxd3 Nd7 12. O-O-O Rc8 13. Ne4 Ngf6 14. Nd6+
Ke7 15. Nxc8+ Qxc8 16. Ne5 Rd8 17. Nxd7 Rxd7 18. g4 c5 19. g5 Nd5 20. gxh6 cxd4
21. Bxd4 gxh6 22. Qd2 b5 23. Qxh6 b4 24. Qg5+ Kd6 25. Qe5+ Ke7 26. Qg5+ Kd6 27.
Be5+ Kc6 28. c4 Nb6 29. Qg2+ Nd5 30. cxd5+ Kb5+ 31. Kb1 Qc4 32. Qf1 Qxf1 33.
Rhxf1 Kc4 34. dxe6 Rxd1+ 35. Rxd1 fxe6 36. h5 Bd8 37. h6 {Snailien gibt auf}
 1-0

[Event "1. OEsterreichische Internet Schach Meisterschaft - Vorrunde 1"]
[Site "Online - Playchess.com"]
[Date ""]
[Round "9"]
[Board "61"]
[White "Kainz, Josef"]
[Black "Kienboeck, Benjamin"]
[Result "1/2-1/2"]
[WhiteElo "2005"]
[BlackElo "1922"]
[PlyCount "83"]
[EventDate "2020.04.11"]
[EventRounds "9"]
[EventCountry "AUT"]

1. d4 Nf6 2. c4 e6 3. g3 d5 4. Nf3 dxc4 5. Bg2 Bd7 6. Ne5 Bc6 7. Nxc6 Nxc6 8.
Bxc6+ bxc6 9. O-O Be7 10. Qc2 Qxd4 11. Rd1 Qc5 12. Be3 Qf5 13. Qxc4 O-O 14.
Qxc6 Nd5 15. Bc5 Bf6 16. e4 Qg4 17. Nd2 Bxb2 18. exd5 Bxa1 19. Rxa1 exd5 20.
Bxf8 Rxf8 21. Re1 Qd4 22. Nb3 Qb4 23. Re8 d4 24. Rxf8+ Kxf8 25. Qc5+ Qxc5 26.
Nxc5 Ke7 27. Kf1 Kd6 28. Nd3 c5 29. Ke1 g5 30. f3 c4 31. Nf2 f5 32. g4 fxg4 33.
fxg4 Ke5 34. a4 d3 35. Kd2 Kd4 36. Nd1 a5 37. h3 h6 38. Nc3 Kc5 39. Na2 Kd4 40.
Nc3 Kc5 41. Na2 Kd4 42. Nc3  1/2-1/2

[Event "1. OEsterreichische Internet Schach Meisterschaft - Vorrunde 1"]
[Site "Online - Playchess.com"]
[Date ""]
[Round "9"]
[Board "62"]
[White "Streiter, Gerhard"]
[Black "Lammer, Michael"]
[Result "1-0"]
[WhiteElo "1964"]
[BlackElo "1499"]
[PlyCount "71"]
[EventDate "2020.04.11"]
[EventRounds "9"]
[EventCountry "AUT"]

1. e4 e5 2. Bc4 d6 3. Nf3 Nf6 4. d3 Be6 5. Bxe6 fxe6 6. O-O Be7 7. Nc3 O-O 8.
d4 exd4 9. Nxd4 e5 10. Ne6 Qd7 11. Nxf8 Bxf8 12. Bg5 Be7 13. Bxf6 Bxf6 14. Nd5
Nc6 15. Nxf6+ gxf6 16. Qd5+ Kg7 17. c3 Rg8 18. f4 Kh8 19. f5 Qg7 20. Qd2 Qg4
21. Rae1 Na5 22. b3 Nc6 23. Rf3 Qg7 24. Rg3 Qf7 25. Rxg8+ Qxg8 26. Re3 Nd8 27.
Rg3 Qf7 28. Qd5 Qf8 29. a4 c6 30. Qc4 d5 31. exd5 b6 32. dxc6 Nf7 33. c7 Nd6
34. Qe6 Ne4 35. c8=Q Qxc8 36. Qxc8#  1-0

[Event "1. OEsterreichische Internet Schach Meisterschaft - Vorrunde 1"]
[Site "Online - Playchess.com"]
[Date ""]
[Round "9"]
[Board "63"]
[White "Friedl, Markus"]
[Black "Galler, Alexander"]
[Result "0-1"]
[WhiteElo "1857"]
[BlackElo "1772"]
[PlyCount "93"]
[EventDate "2020.04.11"]
[EventRounds "9"]
[EventCountry "AUT"]

1. e4 c5 2. Bc4 e6 3. Nc3 d6 4. a3 Be7 5. Nge2 Nf6 6. d3 O-O 7. O-O a6 8. Ng3
b5 9. Ba2 Bb7 10. Bg5 Nbd7 11. f4 h6 12. Bxf6 Nxf6 13. f5 e5 14. Qe2 Rc8 15.
Rf2 c4 16. Raf1 Qb6 17. Kh1 Kh8 18. dxc4 bxc4 19. Na4 Qb5 20. b3 cxb3 21. Qxb5
axb5 22. Bxb3 bxa4 23. Bxa4 Rc4 24. Bb3 Rc3 25. Ne2 Re3 26. Ng3 Nxe4 27. Nxe4
Bxe4 28. a4 Bf6 29. h3 d5 30. Rd1 d4 31. a5 Ra8 32. Ra1 Kg8 33. a6 Rc3 34. Ra4
Bc6 35. Ra5 e4 36. Rf1 e3 37. Re1 d3 38. Bxf7+ Kxf7 39. cxd3 Rxd3 40. Rc1 Be4
41. Rc7+ Be7 42. Ra4 Bxf5 43. Ra5 g6 44. g4 Be6 45. a7 Rd1+ 46. Kg2 e2 47. Re5
 0-1

[Event "1. OEsterreichische Internet Schach Meisterschaft - Vorrunde 1"]
[Site "Online - Playchess.com"]
[Date ""]
[Round "9"]
[Board "64"]
[White "Kipman, Felix"]
[Black "Kuzmanovic, Zeljko"]
[Result "1-0"]
[WhiteElo "1576"]
[BlackElo "1811"]
[PlyCount "147"]
[EventDate "2020.04.11"]
[EventRounds "9"]
[EventCountry "AUT"]

1. e4 d6 2. d4 Nf6 3. Nc3 g6 4. Nf3 c6 5. Bd3 Nbd7 6. O-O Qc7 7. Re1 e5 8. dxe5
dxe5 9. Bc4 Bg7 10. Ng5 O-O 11. Qf3 h6 12. Nh3 b5 13. Bb3 Nc5 14. Be3 Nxb3 15.
axb3 Nh5 16. g4 Nf6 17. g5 hxg5 18. Nxg5 Bg4 19. Qg3 Bh5 20. Nf3 Ng4 21. h3
Nxe3 22. Rxe3 b4 23. Ne2 Bh6 24. Ng5 Qe7 25. h4 f6 26. Rd3 Bxe2 27. Ne6 Qxe6
28. Qxg6+ Bg7 29. Rg3 Qf7 30. Qh6 Bh5 31. Kh2 Bg6 32. Rxg6 f5 33. Rag1 Qxg6 34.
Rxg6 Rf7 35. Qg5 Kf8 36. h5 fxe4 37. h6 Rxf2+ 38. Kg3 Rf3+ 39. Kg2 Bxh6 40.
Qxh6+ Ke7 41. Qh7+ Rf7 42. Rg7 Raf8 43. Rxf7+ Rxf7 44. Qh4+ Ke6 45. Qxe4 Rg7+
46. Kf2 Rf7+ 47. Ke3 c5 48. Qc4+ Kf6 49. Qxc5 Re7 50. Qd6+ Re6 51. Qd8+ Kf5 52.
Qf8+ Rf6 53. Qc8+ Kg5 54. Qd8 Kf5 55. c3 Kg6 56. Qg8+ Kf5 57. c4 e4 58. Qh7+
Kg5 59. Qxe4 Rf1 60. Qg2+ Kf6 61. Qxf1+ Ke5 62. Qf4+ Ke6 63. Qg5 Kf7 64. Qh6 a5
65. c5 a4 66. bxa4 b3 67. c6 Kg8 68. c7 Kf7 69. Qh7+ Ke6 70. c8=Q+ Ke5 71. Qh5+
Kd6 72. Qa6+ Kd7 73. Qh7+ Kd8 74. Qa8#  1-0

[Event "1. OEsterreichische Internet Schach Meisterschaft - Vorrunde 1"]
[Site "Online - Playchess.com"]
[Date ""]
[Round "9"]
[Board "65"]
[White "Katter, Marlene"]
[Black "Virag, Herbert"]
[Result "1-0"]
[WhiteElo "1609"]
[BlackElo "1772"]
[PlyCount "99"]
[EventDate "2020.04.11"]
[EventRounds "9"]
[EventCountry "AUT"]

1. d4 d5 2. Bf4 Nf6 3. e3 c5 4. c3 Nc6 5. Nf3 Qb6 6. Na3 c4 7. Qd2 Bf5 8. Be2
e6 9. Ne5 Nxe5 10. Bxe5 Be7 11. O-O O-O 12. Qc1 Nd7 13. Bf4 Rfc8 14. Nc2 Qd8
15. Ne1 b5 16. Nf3 a5 17. Ne5 Nxe5 18. Bxe5 b4 19. Qd2 bxc3 20. bxc3 Bd6 21.
Bxd6 Qxd6 22. Bd1 Rcb8 23. h3 Qa3 24. Bc2 Rb2 25. Rfc1 Rab8 26. Qd1 Rxa2 27.
Rxa2 Qxa2 28. Bxf5 exf5 29. Ra1 Qb2 30. Rxa5 Qxc3 31. Rxd5 Qb3 32. Qc1 Rc8 33.
Rxf5 c3 34. Rc5 Rxc5 35. dxc5 c2 36. Qd2 h6 37. Kh2 Qb1 38. c6 c1=Q 39. Qd8+
Kh7 40. c7 Qf5 41. g4 Qe5+ 42. Kg2 Qcxc7 43. Qd3+ g6 44. Qb3 Qed6 45. Kf1 Qc1+
46. Kg2 Qdc6+ 47. Kg3 Qd6+ 48. Kg2 Qcc6+ 49. Kf1 Qh2 50. Ke2 {Zeit}  1-0

[Event "1. OEsterreichische Internet Schach Meisterschaft - Vorrunde 1"]
[Site "Online - Playchess.com"]
[Date ""]
[Round "9"]
[Board "66"]
[White "Haemmerle, Dietmar"]
[Black "Weichhart, Daniel"]
[Result "0-1"]
[WhiteElo "1762"]
[BlackElo "1648"]
[PlyCount "54"]
[EventDate "2020.04.11"]
[EventRounds "9"]
[EventCountry "AUT"]

1. Nf3 d5 2. c4 e6 3. e4 dxe4 4. Ng1 Nf6 5. Qe2 Nc6 6. Nc3 Nd4 7. Qd1 Bd6 8.
Nge2 e5 9. d3 exd3 10. Qxd3 Bf5 11. Qg3 Nc2+ 12. Kd1 Nxa1 13. Qxg7 Bf8+ 14. Bd2
Bxg7 15. b3 Bh6 16. f4 Bxf4 17. Nxf4 exf4 18. Be2 Ne4 19. Nxe4 Bxe4 20. Rf1 f5
21. Rxf4 Qd7 22. Bh5+ Kd8 23. Ke2 Qd3+ 24. Ke1 Nc2+ 25. Kf2 Qxd2+ 26. Kg3 Qe3+
27. Bf3 Rg8+  0-1

[Event "1. OEsterreichische Internet Schach Meisterschaft - Vorrunde 1"]
[Site "Online - Playchess.com"]
[Date ""]
[Round "9"]
[Board "68"]
[White "Kozissnik, Christian"]
[Black "Schwabeneder, Alois"]
[Result "1-0"]
[WhiteElo "2023"]
[BlackElo "2004"]
[PlyCount "53"]
[EventDate "2020.04.11"]
[EventRounds "9"]
[EventCountry "AUT"]

1. d4 Nf6 2. e3 g6 3. c3 Bg7 4. f4 d5 5. Nf3 O-O 6. Be2 Nbd7 7. O-O Ne4 8. Nbd2
Ndf6 9. Ne5 c6 10. Ndf3 e6 11. Qc2 Qc7 12. b3 Bd7 13. Bb2 Rfc8 14. Ng5 Be8 15.
Bd3 Nxg5 16. fxg5 Nd7 17. Nxd7 Qxd7 18. c4 c5 19. Rf3 cxd4 20. exd4 Qe7 21.
Raf1 Qxg5 22. Qe2 dxc4 23. Bxc4 Qg4 24. h3 Bxd4+ 25. Kh1 Qh5 26. Bxd4 Bc6 27.
Rg3 {Zeit}  1-0

[Event "1. OEsterreichische Internet Schach Meisterschaft - Vorrunde 1"]
[Site "Online - Playchess.com"]
[Date ""]
[Round "9"]
[Board "69"]
[White "Gugler, Giorgio"]
[Black "Kessler, Manuel"]
[Result "1/2-1/2"]
[WhiteElo "1405"]
[BlackElo "1731"]
[PlyCount "46"]
[EventDate "2020.04.11"]
[EventRounds "9"]
[EventCountry "AUT"]

1. e4 c5 2. Bc4 Nc6 3. d3 e6 4. f4 d5 5. exd5 exd5 6. Qe2+ Be7 7. Bb5 Nf6 8.
Nf3 O-O 9. Bxc6 bxc6 10. O-O Re8 11. h3 Bd6 12. Qf2 Qc7 13. Ng5 h6 14. Nf3 Bd7
15. Nc3 Rab8 16. b3 d4 17. Ne2 Be6 18. Bb2 Bxf4 19. Nxf4 Qxf4 20. Rae1 Nd5 21.
Ne5 Qxf2+ 22. Rxf2 Rec8 23. Bc1 f6  1/2-1/2

[Event "1. OEsterreichische Internet Schach Meisterschaft - Vorrunde 1"]
[Site "Online - Playchess.com"]
[Date ""]
[Round "9"]
[Board "70"]
[White "Guba, Viktor"]
[Black "Buchner, Martin"]
[Result "1-0"]
[WhiteElo "1401"]
[BlackElo "2055"]
[PlyCount "149"]
[EventDate "2020.04.11"]
[EventRounds "9"]
[EventCountry "AUT"]

1. e4 e6 2. d4 d5 3. Nd2 Nf6 4. e5 Nfd7 5. Ne2 c5 6. c3 Nc6 7. Nf3 Qb6 8. Qc2
Be7 9. Bd2 O-O 10. O-O-O cxd4 11. cxd4 Nb4 12. Qb1 Qc7+ 13. Bc3 b6 14. a3 Nc6
15. Qc2 Ba6 16. Ng3 Bxf1 17. Rhxf1 Rfc8 18. Kb1 Na5 19. Rd2 Nc4 20. Re2 Nxa3+
21. bxa3 Qxc3 22. Qxc3 Rxc3 23. a4 Rac8 24. Ra2 Rb3+ 25. Ka1 Ra3 26. Rxa3 Bxa3
27. Ka2 Be7 28. Kb3 Nb8 29. Rb1 Na6 30. Rb2 Nb8 31. Nd2 Nc6 32. Ne2 Bb4 33. Nb1
Ba5 34. Rc2 Ne7 35. Rb2 Nf5 36. g4 Nh6 37. f3 Kf8 38. Nbc3 Bxc3 39. Nxc3 a6 40.
Kc2 Rc6 41. Kd3 Ke7 42. Ne2 Ng8 43. Nc3 Kd7 44. Rb3 Ne7 45. Na2 Kc7 46. Nb4 Kb7
47. Nxc6 Nxc6 48. Rc3 Kc7 49. Ke3 Kb7 50. Rb3 Kc7 51. Rd3 Kb7 52. Kf4 h6 53.
Kg3 g5 54. h4 Nb4 55. Rb3 Nc6 56. Rd3 Nb4 57. Rd1 Nc6 58. hxg5 hxg5 59. f4
gxf4+ 60. Kxf4 b5 61. axb5 axb5 62. Kg5 Kb6 63. Kf6 b4 64. Kxf7 Kb5 65. g5 Kc4
66. g6 b3 67. g7 Kc3 68. g8=Q b2 69. Qc8 Kc2 70. Rh1 b1=Q 71. Qxc6+ Kb2 72.
Qb6+ Ka2 73. Qxb1+ Ka3 74. Rh2 Ka4 75. Ra2#  1-0

[Event "1. OEsterreichische Internet Schach Meisterschaft - Vorrunde 1"]
[Site "Online - Playchess.com"]
[Date ""]
[Round "9"]
[Board "71"]
[White "Kratochwill, Christian"]
[Black "Schwarz, Benedikt"]
[Result "0-1"]
[WhiteElo "1717"]
[BlackElo "1815"]
[PlyCount "64"]
[EventDate "2020.04.11"]
[EventRounds "9"]
[EventCountry "AUT"]

1. e4 e6 2. d4 d5 3. e5 c5 4. c3 Nc6 5. Nf3 Nge7 6. Bb5 Nf5 7. O-O Qb6 8. Bxc6+
bxc6 9. Be3 Nxe3 10. fxe3 cxd4 11. Nxd4 c5 12. Nb3 Be7 13. N1d2 O-O 14. Rb1 Ba6
15. Rf3 Qc7 16. Qc2 Qxe5 17. Rh3 g6 18. Nf3 Qg7 19. e4 dxe4 20. Qxe4 Rad8 21.
Ne5 Bd6 22. Ng4 h5 23. Ne3 Be7 24. c4 Bf6 25. Nxc5 Rd4 26. Qf3 Bxc4 27. Nxc4
Rxc4 28. Nd7 Bd4+ 29. Kh1 Rfc8 30. g4 Rc1+ 31. Rxc1 Rxc1+ 32. Kg2 Rg1#  0-1

[Event "1. OEsterreichische Internet Schach Meisterschaft - Vorrunde 1"]
[Site "Online - Playchess.com"]
[Date ""]
[Round "9"]
[Board "72"]
[White "Pasteiner, Gernot"]
[Black "Chen, Qingxia"]
[Result "0-1"]
[WhiteElo "1632"]
[BlackElo "1776"]
[PlyCount "42"]
[EventDate "2020.04.11"]
[EventRounds "9"]
[EventCountry "AUT"]

1. e4 e5 2. Nf3 Nc6 3. Bc4 Bc5 4. b4 Bxb4 5. c3 Ba5 6. d4 exd4 7. O-O h6 8. Qb3
Qf6 9. Nxd4 Ne5 10. Nd2 Ne7 11. Ba3 O-O 12. f4 Nxc4 13. Nxc4 Bb6 14. Nxb6 axb6
15. e5 Qh4 16. Nf3 Qg4 17. Bxe7 Re8 18. Bb4 d5 19. Nd4 c5 20. h3 Qh4 21. Qxd5
cxb4 {Zeit}  0-1

[Event "1. OEsterreichische Internet Schach Meisterschaft - Vorrunde 1"]
[Site "Online - Playchess.com"]
[Date ""]
[Round "9"]
[Board "73"]
[White "Moerwald, Miriam"]
[Black "Janes, Christian"]
[Result "0-1"]
[WhiteElo "1760"]
[BlackElo "1740"]
[PlyCount "66"]
[EventDate "2020.04.11"]
[EventRounds "9"]
[EventCountry "AUT"]

1. e4 e5 2. Nf3 Nc6 3. Nc3 Bc5 4. Nxe5 Bxf2+ 5. Kxf2 Nxe5 6. d4 Qf6+ 7. Kg1 Ng6
8. g3 d6 9. Bg2 Qe7 10. Qe2 Nf6 11. Bg5 O-O 12. h4 h6 13. Bd2 Bg4 14. Qd3 c5
15. d5 Rfe8 16. Re1 Ne5 17. Qf1 a6 18. Bh3 Nf3+ 19. Kf2 Nxd2 20. Qd3 Bxh3 21.
Rxh3 Ndxe4+ 22. Nxe4 Nxe4+ 23. Kg1 Qe5 24. g4 Qf4 25. Rhe3 Qxg4+ 26. Kh2 Qxh4+
27. Kg1 Qg4+ 28. Kh2 f5 29. Rg3 Qh4+ 30. Rh3 Qxe1 31. Re3 Qf2+ 32. Kh1 Qh4+ 33.
Rh3 Nf2+ {Miriamk gibt auf}  0-1

[Event "1. OEsterreichische Internet Schach Meisterschaft - Vorrunde 1"]
[Site "Online - Playchess.com"]
[Date ""]
[Round "9"]
[Board "74"]
[White "Thummer, Philipp"]
[Black "Hofer, Martin"]
[Result "1/2-1/2"]
[WhiteElo "1207"]
[BlackElo "1603"]
[PlyCount "93"]
[EventDate "2020.04.11"]
[EventRounds "9"]
[EventCountry "AUT"]

1. e4 d5 2. exd5 Nf6 3. Nc3 Nxd5 4. Bc4 e6 5. Nf3 Be7 6. O-O O-O 7. b3 Bf6 8.
Bb2 Nxc3 9. Bxc3 Bxc3 10. dxc3 Qf6 11. Qd4 Qe7 12. Rad1 Nc6 13. Qf4 b6 14. Ne5
Nxe5 15. Qxe5 Bb7 16. Rd2 Rad8 17. Rfd1 Rxd2 18. Rxd2 Rd8 19. Bd3 c5 20. Qe3
Qf6 21. Bf1 g6 22. Rxd8+ Qxd8 23. Qd3 Qe7 24. f3 Kg7 25. Kf2 Qc7 26. g3 f6 27.
Be2 e5 28. Qe3 f5 29. Bc4 e4 30. f4 Qd6 31. Ke2 Bc6 32. Qd2 Qe7 33. Bd5 Bb5+
34. c4 Bd7 35. Qc3+ Kh6 36. Qe5 Qxe5 37. fxe5 Kg7 38. Ke3 Kf8 39. Kf4 h6 40. h4
Ke7 41. a4 Be6 42. c3 a6 43. b4 Kd7 44. Ke3 Ke7 45. Kf4 Kd7 46. Ke3 Ke7 47. Kf4
 1/2-1/2

[Event "1. OEsterreichische Internet Schach Meisterschaft - Vorrunde 1"]
[Site "Online - Playchess.com"]
[Date ""]
[Round "9"]
[Board "75"]
[White "Kellner, Nikolaus"]
[Black "Gschiel, Alexander"]
[Result "0-1"]
[WhiteElo "1685"]
[BlackElo "1908"]
[PlyCount "66"]
[EventDate "2020.04.11"]
[EventRounds "9"]
[EventCountry "AUT"]

1. g4 d5 2. h3 e5 3. d3 c6 4. Nf3 Qc7 5. Nc3 Be6 6. a3 Bc5 7. Ng5 Qb6 8. e3 Bd7
9. Na4 Qa5+ 10. c3 Bd6 11. b4 Qc7 12. Nc5 h6 13. Nxd7 hxg5 14. Nxb8 Rxb8 15.
Qa4 e4 16. Bb2 Nf6 17. c4 Nxg4 18. cxd5 b5 19. Qb3 cxd5 20. Bxg7 Rh7 21. Bd4
Qb7 22. Bg2 Ne5 23. Bxe5 Bxe5 24. d4 Bd6 25. O-O Qd7 26. f4 gxf4 27. exf4 Bc7
28. f5 Qd6 29. Rf2 Bb6 30. Rd1 Rc8 31. a4 Rc4 32. a5 Bxd4 33. Rxd4 Rxd4 {Zeit}
 0-1

[Event "1. OEsterreichische Internet Schach Meisterschaft - Vorrunde 1"]
[Site "Online - Playchess.com"]
[Date ""]
[Round "9"]
[Board "77"]
[White "Nyenstad, Martin"]
[Black "Kwech, Martin"]
[Result "0-1"]
[WhiteElo "800"]
[BlackElo "1105"]
[PlyCount "64"]
[EventDate "2020.04.11"]
[EventRounds "9"]
[EventCountry "AUT"]

1. e4 e5 2. Bc4 Nc6 3. Qh5 g6 4. Qf3 Nf6 5. g4 Nd4 6. Qe3 Nxc2+ 7. Ke2 Nxe3 8.
dxe3 Nxe4 9. Nf3 d5 10. Bb5+ c6 11. Ba4 Bxg4 12. Rg1 Bxf3+ 13. Kxf3 Qf6+ 14.
Ke2 Qxf2+ 15. Kd3 Qxg1 16. Nc3 Qf1+ 17. Kc2 Qf2+ 18. Kb1 Nd2+ 19. Bxd2 Qxd2 20.
a3 Qe1+ 21. Ka2 Qxe3 22. Bd1 Bd6 23. Ne2 Bxa3 24. bxa3 Qd2+ 25. Kb3 O-O 26. Ra2
Qxd1+ 27. Rc2 d4 28. Nxd4 exd4 29. Kb2 Rfe8 30. Rc1 Re2+ 31. Kb1 Qb3+ 32. Ka1
Ra2#  0-1

[Event "1. OEsterreichische Internet Schach Meisterschaft - Vorrunde 1"]
[Site "Online - Playchess.com"]
[Date ""]
[Round "9"]
[Board "78"]
[White "Kienboeck, Samuel"]
[Black "Kanzian, Heinz"]
[Result "1-0"]
[WhiteElo "1056"]
[BlackElo "1642"]
[PlyCount "57"]
[EventDate "2020.04.11"]
[EventRounds "9"]
[EventCountry "AUT"]

1. e4 e5 2. Nf3 d6 3. d4 exd4 4. Nxd4 Be7 5. Nc3 Bf6 6. Be3 Ne7 7. Bc4 Nbc6 8.
Qd3 Ne5 9. Qe2 Nxc4 10. Qxc4 O-O 11. O-O-O a6 12. f4 b5 13. Qe2 c5 14. Nf3 Bxc3
15. bxc3 b4 16. c4 a5 17. g4 Bxg4 18. h3 Bxf3 19. Qxf3 Kh8 20. Rdg1 g6 21. f5
gxf5 22. exf5 Rg8 23. Bh6 Rxg1+ 24. Rxg1 a4 25. Qg4 Ng6 26. fxg6 fxg6 27. Qe6
Qh4 28. Bg5 Qxc4 29. Bf6#  1-0

[Event "1. OEsterreichische Internet Schach Meisterschaft - Vorrunde 1"]
[Site "Online - Playchess.com"]
[Date ""]
[Round "9"]
[Board "79"]
[White "Lohr, Thomas"]
[Black "Ploeckinger, Paul"]
[Result "0-1"]
[WhiteElo "1203"]
[BlackElo "1334"]
[PlyCount "72"]
[EventDate "2020.04.11"]
[EventRounds "9"]
[EventCountry "AUT"]

1. e4 e5 2. Nf3 Nf6 3. Nc3 Nc6 4. Bc4 Bc5 5. d3 d6 6. Bg5 h6 7. Be3 Bxe3 8.
fxe3 Be6 9. b3 Na5 10. Bxe6 fxe6 11. d4 exd4 12. exd4 O-O 13. e5 dxe5 14. dxe5
Nd5 15. Nxd5 exd5 16. O-O c6 17. Qd2 Re8 18. b4 Nc4 19. Qd4 Qb6 20. Qxb6 axb6
21. c3 Nxe5 22. Nxe5 Rxe5 23. Rfe1 Rxe1+ 24. Rxe1 Rxa2 25. g4 Ra3 26. Re3 Kf7
27. Rf3+ Kg6 28. Kg2 c5 29. b5 d4 30. cxd4 Rxf3 31. Kxf3 cxd4 32. Ke4 Kg5 33.
h3 h5 34. gxh5 d3 35. Kd4 d2 36. Ke3 d1=Q {Cyberdilz gibt auf}  0-1

[Event "1. OEsterreichische Internet Schach Meisterschaft - Vorrunde 1"]
[Site "Online - Playchess.com"]
[Date ""]
[Round "9"]
[Board "80"]
[White "Zechner, Andrea"]
[Black "Ticar, Clemens"]
[Result "1-0"]
[WhiteElo "1862"]
[BlackElo "1753"]
[PlyCount "47"]
[EventDate "2020.04.11"]
[EventRounds "9"]
[EventCountry "AUT"]

1. d4 g6 2. c4 Bg7 3. Nc3 c5 4. d5 Bxc3+ 5. bxc3 f5 6. Nf3 d6 7. e3 Qa5 8. Qc2
Nd7 9. Bd3 Nb6 10. O-O Bd7 11. Ng5 Nh6 12. e4 fxe4 13. Nxe4 O-O-O 14. Bxh6 Ba4
15. Qd2 Bd7 16. Bg5 Rde8 17. Rfe1 h6 18. Be3 g5 19. Ng3 e5 20. Nf5 h5 21. Nxd6+
Kd8 22. Nxe8 Rf8 23. Nd6 Na4 24. Nxb7+ {Racit gibt auf}  1-0

[Event "1. OEsterreichische Internet Schach Meisterschaft - Vorrunde 1"]
[Site "Online - Playchess.com"]
[Date ""]
[Round "9"]
[Board "81"]
[White "Mittelbach, Eduard"]
[Black "Astner, Klaus"]
[Result "1-0"]
[WhiteElo "1667"]
[BlackElo "1409"]
[PlyCount "35"]
[EventDate "2020.04.11"]
[EventRounds "9"]
[EventCountry "AUT"]

1. e4 c6 2. d4 d5 3. Nc3 Nf6 4. e5 Ne4 5. Bd3 Nxc3 6. bxc3 g6 7. h4 Bg7 8. h5
gxh5 9. Rxh5 f6 10. Rxh7 Rxh7 11. Bxh7 f5 12. Qh5+ Kd7 13. e6+ Kxe6 14. Qxf5+
Kd6 15. Bf4+ e5 16. Bxe5+ Bxe5 17. Qxe5+ Kd7 18. Bf5#  1-0